<?xml version="1.0" encoding="UTF-8"?>
<record
    xmlns:xsi="http://www.w3.org/2001/XMLSchema-instance"
    xsi:schemaLocation="http://www.loc.gov/MARC21/slim http://www.loc.gov/standards/marcxml/schema/MARC21slim.xsd"
    xmlns="http://www.loc.gov/MARC21/slim">

  <leader>00261    a2200109   4500</leader>
  <datafield tag="020" ind1=" " ind2=" ">
    <subfield code="a">9789991588322</subfield>
  </datafield>
  <datafield tag="100" ind1=" " ind2=" ">
    <subfield code="a">Zaahee</subfield>
  </datafield>
  <datafield tag="245" ind1=" " ind2=" ">
    <subfield code="a">Dhushumah edhi</subfield>
  </datafield>
  <datafield tag="260" ind1=" " ind2=" ">
    <subfield code="a">Male, Maldives</subfield>
    <subfield code="b"> Dhagatha Publishers </subfield>
    <subfield code="c">2014</subfield>
  </datafield>
  <datafield tag="300" ind1=" " ind2=" ">
    <subfield code="a">331 P.</subfield>
    <subfield code="c">;20cm.</subfield>
  </datafield>
  <datafield tag="942" ind1=" " ind2=" ">
    <subfield code="c">AD</subfield>
    <subfield code="i">ZAA</subfield>
    <subfield code="6">ZAA</subfield>
  </datafield>
  <datafield tag="952" ind1=" " ind2=" ">
    <subfield code="2">ddc</subfield>
    <subfield code="3">Fast Cataloged Item</subfield>
    <subfield code="9">1912</subfield>
    <subfield code="a">KFPL</subfield>
    <subfield code="b">KFPL</subfield>
    <subfield code="c">DHI</subfield>
    <subfield code="d">2024-09-08</subfield>
    <subfield code="l">3</subfield>
    <subfield code="m">2</subfield>
    <subfield code="o">ZAA</subfield>
    <subfield code="p">KL-2024-001786</subfield>
    <subfield code="r">2026-04-20 13:13:57</subfield>
    <subfield code="s">2026-04-06</subfield>
    <subfield code="y">TN</subfield>
  </datafield>
  <datafield tag="999" ind1=" " ind2=" ">
    <subfield code="c">1424</subfield>
    <subfield code="d">1424</subfield>
  </datafield>
</record>
